000 00266nam a22001217a 4500
008 170627b xxu||||| |||| 00| 0 eng d
041 _aeng
080 _233 ED
_a5
100 _a21
101 _aGJL
245 _aRULES FOR WRITERS
_cHACKER.D
942 _2udc
_cBK
999 _c19195
_d19195